000 00425cam8a220014500 4500
020 _a4770007787
035 _a(Sirsi) a23458
050 0 _aPL 353 IKE 1980
100 1 _aIkeda, Daisaku.
245 1 0 _aLetters of four seasons /
_cDaisaku Ikeda and Yasushi Inoue.
260 _aTokyo :
_bKodansha International,
_c1980.
500 _aTranslation of Shiki no gansho.
650 0 _aLiterature
700 1 _aInoue, Yasushi, 1907-
999 _c132330
_d132330